000 00451nam a22001697a 4500
005 20251108170809.0
008 250721s1998 xx 000 0 ara d
082 1 4 _aق/خضر
100 1 _aخضر، خالد
245 1 0 _aخوف :
_bرواية /
264 1 _aعمان :
_bدار جاد للنشر،
_c1998.
300 _a239ص
650 1 7 _aالأدب العربي
650 1 7 _aالقصص العربية
942 _2ddc
_cBK
999 _c49221
_d49221